Регионална библиотека "Любен Каравелов" - Русе

The Island of Doctor Moreau [CD аудио] (Запис номер 219976)

MARC детайли
000 -Лидер
Контролно поле с фиксирана дължина 01098njm a2200325 c 4500
003 - Код на организацията, давaща контролен номер
Контролно поле BLK
005 - Дата и час на последна редакция
Контролно поле 20180421002419.0
008 - Елементи от данни с фиксирана дължина
fixed length control field 180410b bul||n||s|||||||| n|bulo|
010 ## - Наследен системен номер
LC control number CDD00002418000
040 ## - Източник на каталожния запис
Идентификатор на билиотеката - собственик на записа BLK
041 ## - Код за език
Код за езика на текст/звукозапис или на отделно заглавие Английски
Код за езика КДБФ Английски
080 ## - УДК
Текстов определител УДК Английски език
УДК код - определител по УДК 811.111
УДК определител (075.4.086.7)
УДК - код + определител 811.111(075.4.086.7)
080 ## - УДК
Текстов определител УДК Английска литература
УДК код - определител по УДК 821.111
УДК определител -3
УДК - код + определител 821.111-3
100 1# - Редна дума - Автор
Автор Wells, Herbert George
Авторска отговорност първи автор
R(LIN) 257802
139 ## - Редно поле
Редна дума Wells, Herbert George
Авторски знак Well - W 50
245 10 - Сведения за заглавието
Заглавие The Island of Doctor Moreau [CD аудио]
Подзаглавни данни CD 1-2
Редно поле (дума) Herbert George Wells.
Том CD 2
257 ## - Страна на издаване
Страна на създаване/издаване Великобритания
260 ## - Област на издателските данни
-- Harlow
Име на издателя, разпространителя и проч. Pearson Education
Година на издаване 2007
300 ## - Физическа характеристика
Размери/Мащаб 12 cm
380 ## - Жанр
Жанр Езикознание. Филология
490 1# - СЕРИИ (Колекции)
Име на серия Penguin Readers
№: серия Level 3
590 ## - Забележки на библиотеката, притежаваща документа (RLIN)
Служебно S.N: 74125 от КНИГИ
650 #4 - Допълнително описание по предмет – тема
Основно описание – тема или топоним Английски език - учебни помагала
9 (RLIN) 243996
760 1# - Описание на основната серия
Редна дума на основното описание Wells, Herbert George
Място на издаване, издател и година 2007
Заглавие CD 2
852 ## - Местоположение
Форматна сигнатура Цб CD 1225
Част 0
856 4# - Електронен адрес и достъп
Електронен формат pdf - файл
Път до файла /url/
856 4# - Електронен адрес и достъп
Електронен формат pdf - файл
Път до файла /url/
942 ## - АРТИКУЛИ
Вид на библиотечния материал Компактдискове
Скрит в OPAC Не
944 ## - СЪЗДАВАНЕ И РЕДАКЦИЯ на ЗАПИСА
Създаване/Редакция Създаване
Дата на регистрацията/редакция 18.04.2007
Служител, извършил регистрацията/редакцията Теодора_Стоянова
944 ## - СЪЗДАВАНЕ И РЕДАКЦИЯ на ЗАПИСА
Създаване/Редакция Редакция
Дата на регистрацията/редакция 03.11.2010
Служител, извършил регистрацията/редакцията
999 ## - СИСТЕМНИ КОНТРОЛНИ НОМЕРА
Koha biblionumber 219976
Koha biblioitemnumber 219976
Наличности
Код за отписване Код за изгубен артикул Код за повреда Коз за рестрикции Код за отдаване Артикулен № Име на библиотеката - собственик Име на библиотеката, в която се намира в момента Статус (Текущо местоположение) Дата на вписване в системата Местоположение - отдел Цена в лева Инвентарен номер Систематично азбучна сигнатура Баркод Номер на екземпляра Цена в евро Служебна бележка Служебен тип на артикула
  Не е изгубен Не е повреден без рестрикции заемане за дома 391635 Регионална библиотека "Любен Каравелов" Русе Регионална библиотека "Любен Каравелов" Русе ЧЧЗО - англ. ез. - Британски съвет 2007-04-17 ЧЧЗО - англ. ез. - Британски съвет 4.99 250000002200 Ч3 802.0/W 50 250000002200 1 2.55 Дост: Pk Вид: Ф N: 126 Дата: 10.04.2007 Компактдискове
Vip Innovations Ltd, Rousse, Bulgaria 2025